Quizzes
Events
Quiz Creation
Community
Videos
Private Events
Remove Ads
Sign In
Join for FREE
Feedback
Dark Mode
Quiz Categories
Sports
Geography
Music
Movies
Television
Just For Fun
Miscellaneous
History
Literature
Language
Science
Gaming
Entertainment
Religion
Holiday
For Kids
Quiz Lab
Recent
Popular Today
Quiz Kudos Today
Editor Picks
Curator Picks
Quizzes by...
Day
Popularity
Type
Ratings
Length
Year
Community
Subscriptions
Recent Discussions
Orange Saloon
Badges
Playlists
Quests
Create
Leaderboards
Showdown
Live 5
Trivia Bingo
Activity
Puzzle Library
Sporcle Events
Private Events
Virtual Trivia
Globe League
Become a Host
Pub Owners
SporcleCon
Opinionation
Our Games
Videos
Blog
Mobile Apps
Partnerships
Remove Ads and Go Orange
Feedback
Science
Computer
Plants
Astronomy
Chemistry
Elements
Math
Animal
Physics
Anatomy
Biology
Geology
General Science
Science
Computer
Plants
Astronomy
Chemistry
Elements
Math
Animal
Physics
Anatomy
Biology
Geology
General Science
Random Quiz
Search Sporcle
×
Quiz Lab
Quiz Lab
Science
British
Click on answers out of a set of options
Click on answers out of a set of options
Multiple Choice
Best Score? Go Orange.
Game Bird Scientific Names Stats
Can you choose the correct scientific names?
By
tobylancaster
10m
23 Questions
27 Plays
27 Plays
27 Plays
Comments
Comments
Give Quiz Kudos
Give Quiz Kudos
-
- Ratings
hide this ad
Random Order
Randomize order of answers
Randomize order of answers
Replay
Link that replays current quiz
Next Quiz
Link to next quiz in quiz playlist
You Got
0%
They Got
Avg Score
61%
Avg Friend Score
Upgrade to see
Score Distribution
Jump to the score distribution portion of the page
Score
0/23
Timer
10:00
0
Plays Today
Question
Answer
Wrong Answers
Canada Goose
Branta canadensis
88.9%
Gallinula chloropus
7.4%
Phasianus colchicus
3.7%
Bucephala clangula
0%
White Fronted Goose
Anser albifrons
81.5%
Anas clypeata
7.4%
Anas platyrhynchos
7.4%
Anser brachyrhynchus
3.7%
Red Legged Partridge
Alectoris rufa
77.8%
Anser albifrons
0%
Anas acuta
7.4%
Aythya fuligula
14.8%
Grey Partridge
Perdix perdix
74.1%
Anas acuta
3.7%
Anas strepera
3.7%
Alectoris rufa
18.5%
Goldeneye
Bucephala clangula
74.1%
Gallinago gallinago
3.7%
Fulica atra
3.7%
Gallinula chloropus
18.5%
Pheasant
Phasianus colchicus
70.4%
Pluvialis apricaria
7.4%
Perdix perdix
0%
Lagopus lagopus
22.2%
Woodcock
Scolopax rusticola
70.4%
Gallinula chloropus
7.4%
Phasianus colchicus
11.1%
Fulica atra
11.1%
Snipe
Gallinago gallinago
66.7%
Gallinula chloropus
14.8%
Anser anser
7.4%
Branta canadensis
11.1%
Mallard
Anas platyrhynchos
63%
Anas crecca
7.4%
Anas penelope
14.8%
Anas acuta
14.8%
Coot
Fulica atra
63%
Phasianus colchicus
7.4%
Alectoris rufa
14.8%
Anas strepera
14.8%
Red Grouse
Lagopus lagopus
63%
Perdix perdix
14.8%
Bucephala clangula
22.2%
Anas platyrhynchos
0%
Widgeon
Anas penelope
59.3%
Anas crecca
7.4%
Tetrao tetrix
18.5%
Aythya ferina
14.8%
Pink Footed Goose
Anser brachyrhynchus
59.3%
Anser anser
18.5%
Anser albifrons
14.8%
Anas crecca
7.4%
Black Grouse
Tetrao tetrix
59.3%
Perdix perdix
3.7%
Gallinago gallinago
3.7%
Lagopus lagopus
33.3%
Greylag
Anser anser
59.3%
Aythya fuligula
7.4%
Aythya ferina
18.5%
Anser brachyrhynchus
14.8%
Teal
Anas crecca
55.6%
Anas penelope
25.9%
Anas acuta
14.8%
Anas strepera
3.7%
Tufted Duck
Aythya fuligula
51.9%
Anas crecca
33.3%
Aythya ferina
11.1%
Numenius arquata
3.7%
Gadwall
Anas strepera
48.1%
Anas crecca
3.7%
Anas penelope
37%
Anas acuta
11.1%
Curlew
Numenius arquata
48.1%
Anser albifrons
3.7%
Pluvialis apricaria
40.7%
Fulica atra
7.4%
Pochard
Aythya ferina
48.1%
Tetrao tetrix
11.1%
Scolopax rusticola
25.9%
Anas penelope
14.8%
Shovelar
Anas clypeata
48.1%
Anas penelope
18.5%
Aythya fuligula
11.1%
Anas platyrhynchos
22.2%
Moorhen
Gallinula chloropus
44.4%
Gallinago gallinago
25.9%
Branta canadensis
11.1%
Aythya fuligula
18.5%
Pintail
Anas acuta
33.3%
Anas clypeata
29.6%
Anas strepera
25.9%
Anas crecca
11.1%
Quiz Playlist
Details
Report
Send in Message
Add To Playlist
Multiple Choice:
Click on answers out of a set of options
Random Order:
Randomize order of answers
Last Updated: Feb 16, 2017
Quiz Scoreboard
CHALLENGE
Sign Up to Join the Scoreboard
Show All
Scores
Hide
Comments
May contain spoilers
Recently Published
9x9 Crossword: Cartoon Network
by jackfrog10
Miscellaneous
3m
College Basketball Coaching Resumes
by pancakes188
Sports
9m
Billboard Blitz: Fleetwood Mac
by CooCooCachoo
Music
15s
More to Explore
Quiz From the Vault
Featured Blog Post
Where Did the Easter Bunny Come From?
hide this ad
You Might Also Like...
Tags
British
Today's Top Quizzes in Science
Browse Science
hide this ad
Today's Top Quizzes in British
Browse British
Top Contributed Quizzes in Science
1
Quick Pick: Radians
2
Quick Pick: 'CI-CJ' Animals
3
The First 100 Digits of Pi
4
Elements In Images
5
One Thing in Common: Science
6
Science Jokes
7
One Thing in Common: Science II
8
Name the Acid, Base or Salt
9
One Thing in Common: Animals
10
One Thing in Common: Science III
Explore More
Trending Topics
Marvel
Crossword
Anime
Kpop
NBA
Disney
Harry Potter
Puzzle
The Office
Soccer
WWE
Song
NFL
Country
Pokémon
hide this ad
More By:
tobylancaster
Quiz
Plays
Rating
Category
Featured
Created
Game Bird Scientific Names
27
4.00
Science
Nov 18, 2016
Perennial identification
25
1.00
Miscellaneous
Dec 9, 2016
Go to Creator's Profile
Score Distribution
Quiz Creator Spotlight
tobylancaster
Follow
Send a Message
Quizzes Created
-
Created Quiz Play Count
-
More By This Creator
Popular Quizzes Today
1
Find the US States - No Outlines Minefield
2
Find the Countries of Europe - No Outlines Minefield
3
The Countries of the World
4
Find the US States
5
Risky Map Clicking: Biggest States A-Z
6
US States
7
Popular People in 1961
8
Movies - When Are They Set?
More Science Quizzes
1-25 Descending Number Expressions
Published
Trending Quizzes
Risky Map Clicking: Least Populous States A-Z
1-10 Letter G Words
1-10 Letter F Words
Risky Map Clicking: Next State Alphabetically
Adjectives in 80s TV Shows
Recently Updated
Leaping Animals
pecheneg
Reality TV Shows (A-Z)
bhenderson79
Rickey Henderson's Hall of Fame Teammates
pecheneg
Champions League XIs: Arsenal
pecheneg
Quick Pick: Celebrities in WWE's Hall of Fame
aduchscher
A-Z Keypad Blitz II
pecheneg
Multiple Oscar Actors
pecheneg
Mystery Phrase Blitz: Oscar 'Best Actors'
pecheneg
F. Scott Fitzgerald Novels
LTH
Pick 3 Villains
ddd62291
Trending Topics
NBA
Kpop
Harry Potter
Marvel
Crossword
Anime
Disney
Puzzle
Pokémon
WWE
The Office
Song
Soccer
Country
NFL
Your Account Isn't Verified!
In order to create a playlist on Sporcle, you need to verify the email address you used during registration. Go to your
Sporcle Settings
to finish the process.
Report this User
Report this user for behavior that violates our
Community Guidelines
.
Details:
Send Report
Go to the Sporcle.com Mobile Site →
Comments